00353nam a22001337a 4500003000400000020002300004082001800027100002000045245006300065250000900128260005500137300001000192650001700202SGT a‎ 978-0683062465 a617.632bP92D aPaul H. Dworkin aPediatrics (National Medical Series for Independent Study) a2nd  aHong, Kong london b ‎ Williams & Wilkinsc1992 a1-550 aPEDODONTICS